| 000 | 00956nam a2200325 i 4500 | ||
|---|---|---|---|
| 001 | 002409 | ||
| 003 | DO-SdBNP | ||
| 005 | 20180118132744.0 | ||
| 007 | 002409 | ||
| 008 | 880808s1987 sp spa | ||
| 016 | 7 |
_a _z |
|
| 017 |
_a _b |
||
| 020 | _a847722000X | ||
| 035 | _a | ||
| 040 |
_aBPMSU _bspa _cBPMSU _e |
||
| 080 | 0 | _a | |
| 100 | 1 | _aPackard, Edward | |
| 240 | 1 | 0 |
_aGhost hunter _lEspañol |
| 245 | 1 | 0 |
_aCazador de fantasmas / _cEdward Packard ; ilustraciones, Ted Enik ; traducción al castellano, Margarita Cavándoli _h |
| 260 |
_aBarcelona : _bTimun Mas, _c1987. |
||
| 300 |
_a117 p. : _bil. ; _c18 cm |
||
| 490 | 1 |
_aElige tu propia aventura _v35 |
|
| 500 | _aTraducción de: Ghost hunter | ||
| 700 | 1 | 2 |
_aEnik, Ted, _eil. |
| 700 | 1 | _aCavándoli, Margarita | |
| 830 | 0 |
_aElige tu propia aventura _v35 |
|
| 942 |
_2ddc _cBK |
||
| 945 | _aInventariado, 2018/LP | ||
| 956 |
_a VMATEO _b10 _c20160729 _dBPMSU _f0069 |
||
| 999 |
_c11051 _d11051 |
||